000 02091nam a2200241Ia 4500
003 Ost
005 20260507075314.0
008 260507s9999||||xx |||||||||||||| ||und||
020 _a71574016149
040 _cfsecg
041 _aara
082 _a346
100 _aالفقي، محمد السيد
_eمؤلف
245 0 _aالقانون التجاري :
_bالافلاس، عمليات البنوك /
_c محمد السيد الفقي
260 _aبيروت:
_bمنشورات الحلبي الحقوقية,
_c2011
300 _a317 صفحة؛
_c25 سم
520 _aالقسم الأول : الإفلاس : الباب الأو ل: تفادي شهر الإفلاس : الفصل الأول : الصلح الودي : الباب الثاني : شهر الإفلاس : الفصل الأول : الشروط الموضوعية لشهر الإفلاس : الباب الثالث : آثار الإفلاس : الفصل الأول : آثار شهر الإفلاس بالنسبة إلى المدين : الباب الرابع : إجراءات الإفلاس : الفصل الأول : أشخاص التفليسة : الباب الخامس : إنتهاء الإفلاس : الفصل الأول : قفل التفليسة لعدم كفاية الموجودات : الفصل الثاني : الصلح البسيط : الفصل الثالث : اتحاد الدائنين : الفصل الرابع : الصلح بالتنازل عن موجودات المفلس-القسم الثاني : عمليات البنوك : الباب الأول : الحسابات المصرفية : الفصل الأول : القواعد العامة للحسابات المصرفية : الباب الثاني : الودائع المصرفية : الفصل الأول : الودائع النقدية : الباب الثالث : الاعتمادات المصرفية : الفصل الأول : الاعتماد المستندي
653 _aالافلاس
653 _aالإفلاس-قوانين وتشريعات-لبنان
653 _aالبنوك
653 _aالقانون التجاري
942 _cكتاب
999 _c43883
_d43883